[Event "Valencia Cuna op 4th"]
[Site "Valencia"]
[Date "2023.07.15"]
[Round "8"]
[White "Lasinskas, Povilas"]
[Black "Macias Pino, Diego"]
[Result "0-1"]
[WhiteElo "2108"]
[BlackElo "2433"]
[PlyCount "92"]
[EventDate "2023.07.08"]
[EventType "swiss"]
[EventRounds "9"]
[EventCountry "ESP"]
[SourceTitle "CBM 215 Extra"]
[Source "ChessBase"]
[SourceDate "2023.09.30"]
[SourceVersion "1"]
[SourceVersionDate "2023.09.30"]
[SourceQuality "1"]

1. d4 Nf6 2. c4 e6 3. Nc3 Bb4 4. Nf3 Bxc3+ 5. bxc3 d6 6. e3 0-0 7. Bd3 Re8 8. Qc2 e5 9. Bf5 e4 10. Bxc8 Qxc8 11. Nd2 c5 12. 0-0 Nbd7 13. a4 Nf8 14. Rb1 Re7 15. Ba3 b6 16. a5 Qc6 17. axb6 axb6 18. Bb2 Ng6 19. Ra1 Rae8 20. Qa4 Qc8 21. h3 Nh4 22. Kh2 h5 23. Qb5 Qf5 24. Qxb6 Qg5 25. g3 Nf5 26. Rg1 h4 27. g4 Nxe3 28. fxe3 Qxe3 29. Qxd6 Qxd2+ 30. Rg2 Qd3 31. dxc5 Qxc4 32. g5 Nd5 33. g6 fxg6 34. Rxg6 e3 35. Re1 Rb7 36. Rg2 Qf4+ 37. Kg1 Qe4 38. Rg4 Qf5 39. Rf1 e2 40. Rxf5 e1Q+ 41. Rf1 Qe3+ 42. Rf2 Rf7 43. Rgg2 Qe1+ 44. Kh2 Qxf2 45. Rxf2 Rxf2+ 46. Kg1 Rd2 0-1

[Event "Colonia de Sant Jordi op 2nd"]
[Site "Colonia de Sant Jordi"]
[Date "2023.06.10"]
[Round "1"]
[White "Lasinskas, Povilas"]
[Black "Garcia Bueno, Juan Pablo"]
[Result "1-0"]
[WhiteElo "2131"]
[BlackElo "1790"]
[PlyCount "63"]
[EventDate "2023.06.10"]
[EventType "swiss"]
[EventRounds "9"]
[EventCountry "ESP"]
[SourceTitle "CBM 214 Extra"]
[Source "ChessBase"]
[SourceDate "2023.07.31"]
[SourceVersion "1"]
[SourceVersionDate "2023.07.31"]
[SourceQuality "1"]

1. d4 d5 2. Nc3 Nf6 3. Bg5 h6 4. Bh4 e6 5. a3 c5 6. e3 Be7 7. f4 b6 8. Nf3 Ba6 9. Bxa6 Nxa6 10. 0-0 0-0 11. Ne5 Rc8 12. f5 Nb8 13. fxe6 fxe6 14. Ng6 Rf7 15. Qf3 Nbd7 16. Qh3 Rc6 17. Rf3 Bd6 18. Raf1 Kh7 19. Nf4 Qe8 20. Nxe6 Bxh2+ 21. Kxh2 Qxe6 22. Qxe6 Rxe6 23. Nxd5 g5 24. Bg3 Kg6 25. Kg1 Nxd5 26. Rxf7 N5f6 27. Rxd7 Nxd7 28. Bf2 cxd4 29. exd4 Re2 30. Rc1 Nf6 31. Kf1 Rd2 32. Be3 1-0

[Event "EU-ch Seniors 50 22nd"]
[Site "Acqui Terme"]
[Date "2023.06.03"]
[Round "9"]
[White "Lasinskas, Povilas"]
[Black "Melikhov, Evgeny V"]
[Result "0-1"]
[WhiteElo "2131"]
[BlackElo "2269"]
[PlyCount "66"]
[EventDate "2023.05.26"]
[EventType "swiss"]
[EventRounds "9"]
[EventCountry "ITA"]
[SourceTitle "CBM 214 Extra"]
[Source "ChessBase"]
[SourceDate "2023.07.31"]
[SourceVersion "1"]
[SourceVersionDate "2023.07.31"]
[SourceQuality "1"]

1. d4 Nf6 2. c4 e6 3. Nc3 Bb4 4. Nf3 d5 5. Qa4+ Nc6 6. Bg5 h6 7. Bxf6 Qxf6 8. e3 0-0 9. Be2 dxc4 10. Bxc4 e5 11. 0-0 Bxc3 12. bxc3 Bg4 13. Bd5 Bxf3 14. Bxf3 Rfe8 15. Rab1 e4 16. Be2 Rab8 17. Bb5 a6 18. Bxc6 Qxc6 19. Qxc6 bxc6 20. c4 f5 21. g3 Kf7 22. Rfc1 Ke6 23. c5 Kd5 24. Rb3 Rb5 25. Ra3 a5 26. h4 g6 27. Kf1 Ra8 28. Rc2 a4 29. Ke2 Rb4 30. Kd2 Rab8 31. Rac3 Rb1 32. Rc4 Rf1 33. Kc3 Rd1 0-1

[Event "EU-ch Seniors 50 22nd"]
[Site "Acqui Terme"]
[Date "2023.06.01"]
[Round "7"]
[White "Sielicki, Tomasz"]
[Black "Lasinskas, Povilas"]
[Result "1/2-1/2"]
[WhiteElo "1972"]
[BlackElo "2131"]
[PlyCount "134"]
[EventDate "2023.05.26"]
[EventType "swiss"]
[EventRounds "9"]
[EventCountry "ITA"]
[SourceTitle "CBM 214 Extra"]
[Source "ChessBase"]
[SourceDate "2023.07.31"]
[SourceVersion "1"]
[SourceVersionDate "2023.07.31"]
[SourceQuality "1"]

1. d4 Nf6 2. Bg5 c5 3. d5 d6 4. Nc3 e5 5. e4 Be7 6. f4 exf4 7. Bxf4 0-0 8. Nf3 Bg4 9. Be2 Bxf3 10. Bxf3 Nbd7 11. 0-0 Ne8 12. Bg4 Bf6 13. Bxd7 Qxd7 14. Qf3 Nc7 15. Qg3 Rad8 16. Kh1 Bxc3 17. Qxc3 Rfe8 18. Rae1 Re7 19. Qg3 f6 20. c4 b5 21. b3 bxc4 22. bxc4 Ne8 23. h4 Qa4 24. Qb3 Qa6 25. Bd2 Rb7 26. Qc2 Rdb8 27. Rb1 Rxb1 28. Rxb1 Rxb1+ 29. Qxb1 Qxc4 30. Bf4 Qb4 31. Qxb4 cxb4 32. Kg1 Kf7 33. Kf2 Ke7 34. Ke2 Nc7 35. Kd3 f5 36. Bg5+ Kd7 37. exf5 Nxd5 38. Kc4 Kc6 39. g4 a5 40. Bd2 Nf6 41. g5 Ne4 42. Be3 d5+ 43. Kd3 Ng3 44. f6 gxf6 45. gxf6 Kd7 46. Bb6 a4 47. f7 Ke7 48. Bc5+ Kxf7 49. Bxb4 Ke6 50. Be1 Ne4 51. Kd4 Kd6 52. Bb4+ Kc6 53. Be1 Nd6 54. Ke5 Nc4+ 55. Kd4 Na3 56. Ke5 Kc5 57. h5 Nc2 58. Bd2 d4 59. Kf6 Kc4 60. Kg7 Ne3 61. Kxh7 Kd3 62. Ba5 Kc2 63. Kg6 Ng4 64. Kg5 Ne5 65. Kf6 Ng4+ 66. Kg5 Ne5 67. Kf6 Ng4+ 1/2-1/2

[Event "Paphos op 1st"]
[Site "Paphos"]
[Date "2023.04.08"]
[Round "2"]
[White "Lasinskas, Povilas"]
[Black "Pezelj, Novak"]
[Result "0-1"]
[WhiteElo "2132"]
[BlackElo "2489"]
[PlyCount "100"]
[EventDate "2023.04.07"]
[EventType "swiss"]
[EventRounds "9"]
[EventCountry "CYP"]
[SourceTitle "CBM 213 Extra"]
[Source "ChessBase"]
[SourceDate "2023.05.31"]
[SourceVersion "1"]
[SourceVersionDate "2023.05.31"]
[SourceQuality "1"]

1. d4 d6 2. Nf3 g6 3. c4 Bg7 4. Nc3 Nc6 5. h3 e5 6. d5 Nce7 7. Qc2 f5 8. g3 c6 9. Bg2 e4 10. Nh2 Nf6 11. f3 cxd5 12. cxd5 Qb6 13. fxe4 fxe4 14. Nf1 0-0 15. Be3 Qa5 16. Bd2 Nfxd5 17. Nxd5 Qxd5 18. Bxe4 Qd4 19. 0-0-0 d5 20. Bg5 Qxe4 21. Qxe4 dxe4 22. Bxe7 Re8 23. Bg5 Be6 24. Kb1 Rac8 25. Ne3 Rc5 26. Bf4 Rb5 27. Rd2 g5 28. Bc7 Bc3 29. Rc2 Bd4 30. Nd1 e3 31. Nc3 Rc5 32. Rd1 Rxc7 33. Rxd4 Bf5 34. Rd5 Rf7 35. g4 Bg6 36. b3 h6 37. Kb2 Bxc2 38. Kxc2 Ree7 39. Kd3 Rf1 40. Rd4 Rh1 41. Nd5 Re6 42. Nxe3 Rxh3 43. Re4 Kf7 44. Rxe6 Kxe6 45. Ke4 h5 46. gxh5 Rxh5 47. Nc4 Rh1 48. Na5 Rf1 49. Nxb7 g4 50. Nc5+ Kd6 0-1

[Event "Sitges op 46th"]
[Site "Sitges"]
[Date "2022.07.28"]
[Round "7"]
[White "Lasinskas, Povilas"]
[Black "Ferey, Antonin"]
[Result "1/2-1/2"]
[WhiteElo "2096"]
[BlackElo "2181"]
[PlyCount "127"]
[EventDate "2022.07.22"]
[EventType "swiss"]
[EventRounds "9"]
[EventCountry "ESP"]
[SourceTitle "CBM 209 Extra"]
[Source "ChessBase"]
[SourceDate "2022.09.30"]
[SourceVersion "1"]
[SourceVersionDate "2022.09.30"]
[SourceQuality "1"]

1. d4 Nf6 2. c4 e6 3. Nc3 Bb4 4. f3 c5 5. a3 Bxc3+ 6. bxc3 0-0 7. e4 Qa5 8. Bd2 d6 9. Bd3 Nc6 10. Ne2 Qc7 11. 0-0 Ne8 12. f4 f5 13. d5 fxe4 14. Bxe4 Na5 15. Be3 Nf6 16. Bd3 Qf7 17. f5 exd5 18. cxd5 Qxd5 19. Bg5 Qf7 20. Nf4 Nc6 21. Bc2 Ne7 22. Qxd6 Bxf5 23. Bxf5 Nxf5 24. Qe6 Ne7 25. Bxf6 Qxe6 26. Nxe6 Rxf6 27. Rxf6 gxf6 28. Nxc5 b6 29. Ne4 f5 30. Ng5 h6 31. Nf3 Rc8 32. Re1 Nd5 33. Re5 Nxc3 34. Rxf5 Rc5 35. Rxc5 bxc5 36. Kf2 a5 37. Nd2 Nb5 38. Nc4 Kf7 39. Ke3 Ke6 40. Kd3 a4 41. g4 Kf6 42. h4 Ke6 43. Ke4 Nc3+ 44. Kf4 Nd5+ 45. Kf3 Nc3 46. Ke3 Nd5+ 47. Kd3 Nf6 48. Ne3 Nd7 49. Kc4 Ke5 50. g5 hxg5 51. hxg5 Kf4 52. Nd5+ Kxg5 53. Kb5 Kf5 54. Nc3 Ke6 55. Kc6 Ne5+ 56. Kxc5 Kd7 57. Nxa4 Kc7 58. Nc3 Kb7 59. Kb5 Nc6 60. a4 Nd4+ 61. Kc5 Nb3+ 62. Kb4 Nd4 63. Nd5 Ka6 64. Nc7+ 1/2-1/2

[Event "Sitges op 46th"]
[Site "Sitges"]
[Date "2022.07.24"]
[Round "3"]
[White "Kvaloy, Aksel Bu"]
[Black "Lasinskas, Povilas"]
[Result "1-0"]
[WhiteElo "2289"]
[BlackElo "2096"]
[PlyCount "57"]
[EventDate "2022.07.22"]
[EventType "swiss"]
[EventRounds "9"]
[EventCountry "ESP"]
[SourceTitle "CBM 209 Extra"]
[Source "ChessBase"]
[SourceDate "2022.09.30"]
[SourceVersion "1"]
[SourceVersionDate "2022.09.30"]
[SourceQuality "1"]

1. e4 e5 2. Nf3 Nc6 3. Bc4 Nf6 4. Ng5 d5 5. exd5 b5 6. Bf1 h6 7. Nf3 Qxd5 8. Nc3 Qc5 9. Bxb5 Bb7 10. d4 exd4 11. Qxd4 Rd8 12. Qe5+ Qxe5+ 13. Nxe5 Rd6 14. Bf4 Re6 15. 0-0-0 Bd6 16. Rxd6 Rxd6 17. Nxc6 Rxc6 18. Bxc7 0-0 19. Bxc6 Bxc6 20. f3 g5 21. Rd1 Rc8 22. Be5 Nd7 23. Bd4 a6 24. Ne2 g4 25. Ng3 gxf3 26. Nf5 Re8 27. gxf3 Re2 28. Rg1+ Kf8 29. Bg7+ 1-0

[Event "EU-ch Seniors 50 21st"]
[Site "Lublin"]
[Date "2022.07.11"]
[Round "7"]
[White "Lasinskas, Povilas"]
[Black "Padrak, Rafal"]
[Result "1-0"]
[WhiteElo "2096"]
[BlackElo "2125"]
[PlyCount "61"]
[EventDate "2022.07.05"]
[EventType "swiss"]
[EventRounds "9"]
[EventCountry "POL"]
[SourceTitle "CBM 209 Extra"]
[Source "ChessBase"]
[SourceDate "2022.09.30"]
[SourceVersion "1"]
[SourceVersionDate "2022.09.30"]
[SourceQuality "1"]

1. d4 Nf6 2. c4 e6 3. Nc3 d5 4. Nf3 c6 5. Bg5 Be7 6. e3 0-0 7. Qc2 h6 8. Bh4 Nbd7 9. Be2 dxc4 10. Bxc4 a6 11. 0-0 b5 12. Be2 Bb7 13. Rfd1 Qc7 14. e4 Nb6 15. Bxf6 Bxf6 16. e5 Be7 17. Ne4 Nd7 18. Rac1 Rac8 19. Qc3 b4 20. Qe3 Qa5 21. Nc5 Nxc5 22. dxc5 Rfd8 23. Rd6 Qxa2 24. b3 Qb2 25. Bd3 Bxd6 26. exd6 Qf6 27. Ne5 Ra8 28. Rc4 a5 29. Rf4 Qg5 30. h4 Qh5 31. Be2 1-0

[Event "Paleochora op 13th"]
[Site "Paleochora"]
[Date "2020.07.19"]
[Round "2"]
[White "Lasinskas, Povilas"]
[Black "Wieczorek, Oskar"]
[Result "0-1"]
[WhiteElo "2137"]
[BlackElo "2500"]
[PlyCount "63"]
[EventDate "2020.07.18"]
[EventType "swiss"]
[EventRounds "9"]
[EventCountry "GRE"]
[SourceTitle "EXT 2021"]
[Source "ChessBase"]
[SourceDate "2020.10.23"]
[SourceVersion "1"]
[SourceVersionDate "2020.10.23"]
[SourceQuality "1"]

1. d4 Nf6 2. Nf3 g6 3. c4 c5 4. d5 Bg7 5. Nc3 0-0 6. e4 d6 7. h3 e6 8. Bd3 Na6 9. 0-0 Nc7 10. Bg5 h6 11. Be3 exd5 12. exd5 b5 13. Qd2 bxc4 14. Bxc4 Kh7 15. Bf4 Nh5 16. Bh2 f5 17. Rfe1 f4 18. Re2 Bf5 19. Rae1 Rf7 20. Ne4 Rb8 21. b3 g5 22. Qa5 Bg6 23. a4 Rd7 24. Qd2 Qh8 25. Nc3 Qf8 26. Nb5 Nxb5 27. Bxb5 Rdb7 28. Qa5 Nf6 29. Bc6 Rxb3 30. Qxa7 Rd3 31. Re7 c4 32. Nd4 0-1

[Event "Lisbon Portugal op"]
[Site "Lisbon"]
[Date "2017.02.05"]
[Round "3"]
[White "Teske, Henrik"]
[Black "Lasinskas, Povilas"]
[Result "1-0"]
[WhiteElo "2481"]
[BlackElo "2231"]
[PlyCount "77"]
[EventDate "2017.02.04"]
[EventType "swiss"]
[EventRounds "9"]
[EventCountry "POR"]
[SourceTitle "CBM 176 Extra"]
[Source "ChessBase"]
[SourceDate "2017.03.02"]
[SourceVersion "1"]
[SourceVersionDate "2017.03.02"]
[SourceQuality "1"]

1. d4 Nf6 2. c4 g6 3. Nc3 d5 4. cxd5 Nxd5 5. e4 Nxc3 6. bxc3 Bg7 7. Qa4+ Nd7 8. Nf3 0-0 9. Be3 c5 10. Rd1 Qc7 11. Bd3 e6 12. 0-0 b6 13. Qb3 Bb7 14. d5 exd5 15. exd5 Ne5 16. Nxe5 Qxe5 17. c4 Bc8 18. Rfe1 Qd6 19. g3 Bg4 20. Be2 Bxe2 21. Rxe2 Qd7 22. Rde1 Rfe8 23. Qd3 h6 24. Bf4 Kf8 25. h4 h5 26. Re4 Rxe4 27. Qxe4 Bf6 28. Kh2 Rd8 29. Be5 Bxe5 30. Qxe5 Kg8 31. Qf6 Rf8 32. Re7 Qa4 33. Qf4 Qd1 34. Rxa7 b5 35. cxb5 Qxd5 36. b6 c4 37. b7 Qb5 38. Qd6 Re8 39. Ra8 1-0

[Event "Lisbon Portugal op"]
[Site "Lisbon"]
[Date "2017.02.04"]
[Round "1"]
[White "Branco, Romulo Joao"]
[Black "Lasinskas, Povilas"]
[Result "0-1"]
[WhiteElo "1658"]
[BlackElo "2231"]
[PlyCount "61"]
[EventDate "2017.02.04"]
[EventType "swiss"]
[EventRounds "9"]
[EventCountry "POR"]
[SourceTitle "CBM 176 Extra"]
[Source "ChessBase"]
[SourceDate "2017.03.02"]
[SourceVersion "1"]
[SourceVersionDate "2017.03.02"]
[SourceQuality "1"]

1. d4 Nf6 2. c4 g6 3. Nc3 d5 4. e3 Bg7 5. Nf3 0-0 6. cxd5 Nxd5 7. Nxd5 Qxd5 8. Be2 c5 9. 0-0 Nc6 10. b3 cxd4 11. Bb2 e5 12. exd4 exd4 13. Re1 Be6 14. Bc4 Qd7 15. Bxe6 fxe6 16. Ng5 e5 17. Qd3 Qf5 18. Ne4 Kh8 19. Qb5 Rf7 20. f3 Bf8 21. Qd3 Nb4 22. Qd2 Rc7 23. Rec1 Rac8 24. Rxc7 Rxc7 25. Rc1 Rxc1+ 26. Qxc1 Nd5 27. Ba3 Nf4 28. Kf1 Bxa3 29. Qxa3 Qc8 30. g3 Nd5 31. Kg2 0-1

[Event "Barcelona Sants op-A18th"]
[Site "Barcelona"]
[Date "2016.08.26"]
[Round "8"]
[White "Arenas Vanegas, David"]
[Black "Lasinskas, Povilas"]
[Result "1-0"]
[WhiteElo "2490"]
[BlackElo "2229"]
[PlyCount "47"]
[EventDate "2016.08.19"]
[EventType "swiss"]
[EventRounds "10"]
[EventCountry "ESP"]
[SourceTitle "CBM 174 Extra"]
[Source "ChessBase"]
[SourceDate "2016.10.10"]
[SourceVersion "1"]
[SourceVersionDate "2016.10.10"]
[SourceQuality "1"]

1. e4 e5 2. Nf3 Nc6 3. Bc4 d6 4. c3 Na5 5. Bd3 c5 6. Bc2 Qc7 7. d3 Be7 8. 0-0 Nf6 9. Qe2 0-0 10. Rd1 h6 11. Nbd2 Nh7 12. Nf1 f5 13. exf5 Bxf5 14. Ne3 Bg6 15. Nd5 Qd7 16. d4 Bxc2 17. Qxc2 cxd4 18. cxd4 exd4 19. Nxd4 Nc6 20. Nxc6 bxc6 21. Qxc6 Qe6 22. Be3 Rac8 23. Nxe7+ Qxe7 24. Qxd6 1-0

[Event "Reykjavik op"]
[Site "Reykjavik"]
[Date "2016.03.14"]
[Round "8"]
[White "Lasinskas, Povilas"]
[Black "Hjaltalin, Thor"]
[Result "1-0"]
[WhiteElo "2229"]
[BlackElo "1580"]
[PlyCount "83"]
[EventDate "2016.03.08"]
[EventType "swiss"]
[EventRounds "10"]
[EventCountry "ISL"]
[SourceTitle "CBM 171 Extra"]
[Source "ChessBase"]
[SourceDate "2016.04.26"]
[SourceVersion "1"]
[SourceVersionDate "2016.04.26"]
[SourceQuality "1"]

1. d4 d5 2. c4 c6 3. Nf3 Nf6 4. Nc3 a6 5. c5 Bf5 6. Bf4 Nbd7 7. h3 e6 8. e3 Be7 9. Bd3 0-0 10. 0-0 b6 11. Bxf5 exf5 12. cxb6 Qxb6 13. Na4 Qb7 14. Rc1 Ne4 15. b3 Rac8 16. Ne5 Nxe5 17. Bxe5 Qb4 18. f3 Ng5 19. Qd3 Qb5 20. Qxf5 Qe2 21. Bf4 Ne6 22. Rc2 Qb5 23. Qg4 Qd3 24. Rc3 Qe2 25. Nb6 Bb4 26. Rcc1 Rcd8 27. Rf2 Qb5 28. Na4 Rc8 29. Rcc2 Be1 30. Rfe2 Bb4 31. Be5 Qd3 32. Nb6 Rcd8 33. f4 f5 34. Qf3 Qb5 35. Na4 Bd6 36. g4 Bxe5 37. dxe5 Rc8 38. gxf5 Rxf5 39. Nc3 Qb7 40. Qg4 Qf7 41. Nxd5 Qf8 42. Qxf5 1-0

[Event "Reykjavik op"]
[Site "Reykjavik"]
[Date "2016.03.10"]
[Round "4"]
[White "Heimisson, Hilmir Freyr"]
[Black "Lasinskas, Povilas"]
[Result "0-1"]
[WhiteElo "2048"]
[BlackElo "2229"]
[PlyCount "140"]
[EventDate "2016.03.08"]
[EventType "swiss"]
[EventRounds "10"]
[EventCountry "ISL"]
[SourceTitle "CBM 171 Extra"]
[Source "ChessBase"]
[SourceDate "2016.04.26"]
[SourceVersion "1"]
[SourceVersionDate "2016.04.26"]
[SourceQuality "1"]

1. d4 Nf6 2. c4 g6 3. Nc3 d5 4. Nf3 Bg7 5. Bg5 dxc4 6. Bxf6 Bxf6 7. e4 0-0 8. Bxc4 Bg4 9. e5 Bg7 10. Bd5 c6 11. Be4 Qb6 12. Ne2 Qb4+ 13. Qd2 Qxd2+ 14. Nxd2 Bxe2 15. Kxe2 Rd8 16. Nb3 Na6 17. Rac1 e6 18. Rhd1 Bf8 19. g3 Rd7 20. f4 Rad8 21. h3 Nc7 22. a3 Nb5 23. Rc4 c5 24. a4 Nxd4+ 25. Nxd4 cxd4 26. Kd3 a5 27. Rdc1 b6 28. R1c2 Bc5 29. Rc1 Kg7 30. Rh1 f6 31. exf6+ Kxf6 32. Re1 Re7 33. Rc2 e5 34. fxe5+ Rxe5 35. Rf2+ Kg7 36. Ref1 Rd7 37. Re2 Rde7 38. Rf3 Re8 39. Rf1 Rb8 40. Ref2 Re7 41. Rc1 Re5 42. Rfc2 Rbe8 43. Re2 Rf8 44. Rg1 b5 45. Ra1 Rb8 46. b4 Bxb4 47. Kxd4 Rg5 48. Rc1 Rxg3 49. Rc7+ Kh6 50. Rd7 Rxh3 51. axb5 Rxb5 52. Rc2 Rb6 53. Rf7 Bd6 54. Bc6 Rh5 55. Bf3 Rb4+ 56. Ke3 Rb3+ 57. Kd4 Bc5+ 58. Kc4 Rb4+ 59. Kd3 Rd4+ 60. Kc3 Rhh4 61. Kb2 Bd6 62. Rc6 Be5 63. Kc2 Rh2+ 64. Kb3 a4+ 65. Ka3 Bd6+ 66. Rxd6 Rxd6 67. Kxa4 Rf2 68. Kb4 Rd3 69. Bd5 Rxf7 70. Bxf7 g5 0-1

[Event "Reykjavik op"]
[Site "Reykjavik"]
[Date "2016.03.09"]
[Round "3"]
[White "Lasinskas, Povilas"]
[Black "Hansen, Lars Henrik Bech"]
[Result "1/2-1/2"]
[WhiteElo "2229"]
[BlackElo "1970"]
[PlyCount "193"]
[EventDate "2016.03.08"]
[EventType "swiss"]
[EventRounds "10"]
[EventCountry "ISL"]
[SourceTitle "CBM 171 Extra"]
[Source "ChessBase"]
[SourceDate "2016.04.26"]
[SourceVersion "1"]
[SourceVersionDate "2016.04.26"]
[SourceQuality "1"]

1. d4 g6 2. c4 Nf6 3. Nc3 Bg7 4. e4 d6 5. f3 0-0 6. Nge2 e5 7. d5 Nh5 8. Be3 f5 9. exf5 gxf5 10. Qd2 Qh4+ 11. Bf2 Qf6 12. 0-0-0 Na6 13. Kb1 Bd7 14. g3 Rab8 15. Nc1 b6 16. Be2 Nc5 17. f4 Be8 18. fxe5 dxe5 19. d6 Qxd6 20. Qxd6 cxd6 21. Rxd6 Nb7 22. Rdd1 Nf6 23. Nd3 Ne4 24. Be1 Bc6 25. Rf1 Rbd8 26. Nb4 Rxd1+ 27. Bxd1 Nxc3+ 28. Bxc3 Be4+ 29. Bc2 Nc5 30. Bxe4 Nxe4 31. Kc2 Nxc3 32. Kxc3 f4 33. gxf4 exf4+ 34. Kc2 Re8 35. Rf2 Bd4 36. Rxf4 Bc5 37. Nd3 Re2+ 38. Kc3 Bd6 39. Rg4+ Kf7 40. h4 Rh2 41. b4 Rxa2 42. c5 bxc5 43. bxc5 Bc7 44. Rd4 Re2 45. Kc4 Re6 46. h5 Kf6 47. Nb4 Kg5 48. Rd7 Re4+ 49. Kb5 a5 50. Nc6 Bf4 51. Rxh7 a4 52. Ra7 Kxh5 53. Nb4 Be3 54. Rxa4 Bxc5 55. Kxc5 Re1 56. Nd5 Kg5 57. Rf4 Re5 58. Rf1 Re4 59. Nc7 Re2 60. Kd4 Re7 61. Nd5 Re8 62. Nf6 Re7 63. Ne4+ Kg4 64. Ke3 Ra7 65. Rg1+ Kf5 66. Rg5+ Ke6 67. Rb5 Ra1 68. Nc3 Rf1 69. Kd4 Ra1 70. Re5+ Kf6 71. Nd5+ Kg6 72. Re6+ Kf5 73. Rf6+ Kg5 74. Rf8 Rd1+ 75. Ke4 Kg6 76. Rf2 Ra1 77. Re2 Ra8 78. Rg2+ Kf7 79. Kf5 Ra5 80. Ke5 Ra1 81. Rf2+ Kg6 82. Ne7+ Kg7 83. Nf5+ Kf7 84. Nd6+ Ke7 85. Rf7+ Kd8 86. Ne4 Ra5+ 87. Ke6 Ra1 88. Rd7+ Kc8 89. Nd6+ Kb8 90. Rb7+ Ka8 91. Rb2 Rh1 92. Kd7 Ka7 93. Rb4 Ka6 94. Nc4 Ka7 95. Kc6 Rh6+ 96. Nd6 Rg6 97. Rh4 1/2-1/2

[Event "Seville op 38th"]
[Site "Seville"]
[Date "2013.01.18"]
[Round "8"]
[White "Lasinskas, Povilas"]
[Black "Serrano Salvador, Eduardo"]
[Result "0-1"]
[WhiteElo "2183"]
[BlackElo "2349"]
[PlyCount "118"]
[EventDate "2013.01.11"]
[EventType "swiss"]
[EventRounds "9"]
[EventCountry "ESP"]
[SourceTitle "CBM 152 Extra"]
[Source "ChessBase"]
[SourceDate "2013.02.25"]
[SourceVersion "1"]
[SourceVersionDate "2013.02.25"]
[SourceQuality "1"]

1. d4 Nf6 2. c4 d6 3. Nc3 Nbd7 4. e4 e5 5. d5 Nc5 6. f3 a5 7. Be3 Be7 8. Bd3 Nh5 9. Nge2 Bg5 10. Qd2 h6 11. 0-0 Bxe3+ 12. Qxe3 Qg5 13. Qxg5 hxg5 14. Bc2 Bd7 15. b3 Ke7 16. a3 Nf4 17. h3 Nxg2 18. Kxg2 Bxh3+ 19. Kf2 Bxf1 20. Rxf1 Rh2+ 21. Ke3 Rah8 22. Rg1 f6 23. Nd1 g6 24. Nf2 Kf7 25. Nc3 Ke7 26. Nb5 c6 27. Nc3 Na6 28. Bd3 c5 29. Bf1 Nc7 30. Rg3 Ne8 31. Rg1 Ng7 32. Bd3 Nh5 33. Ne2 Ng7 34. Nc3 R8h5 35. Ke2 R5h4 36. Ke3 Nh5 37. Ne2 Kf7 38. Bb1 Nf4 39. Nxf4 gxf4+ 40. Ke2 R4h3 41. Rg4 Rg3 42. Bd3 Rh5 43. a4 f5 44. exf5 gxf5 45. Bxf5 Rxf5 46. Rh4 Rfg5 47. Ne4 Rg2+ 48. Kd3 R5g3 49. Nxg3 fxg3 50. Rg4 Rg1 51. Ke2 Kf6 52. Rg8 b6 53. Ke3 Rb1 54. Rxg3 Rxb3+ 55. Kd2 e4 56. Rh3 exf3 57. Rh6+ Ke5 58. Re6+ Kd4 59. Rxd6 Rc3 0-1

[Event "Seville op 38th"]
[Site "Seville"]
[Date "2013.01.16"]
[Round "6"]
[White "Lasinskas, Povilas"]
[Black "Piscopo, Pierluigi"]
[Result "0-1"]
[WhiteElo "2183"]
[BlackElo "2407"]
[PlyCount "74"]
[EventDate "2013.01.11"]
[EventType "swiss"]
[EventRounds "9"]
[EventCountry "ESP"]
[SourceTitle "CBM 152 Extra"]
[Source "ChessBase"]
[SourceDate "2013.02.25"]
[SourceVersion "1"]
[SourceVersionDate "2013.02.25"]
[SourceQuality "1"]

1. d4 Nf6 2. c4 c5 3. d5 e6 4. Nc3 exd5 5. cxd5 d6 6. e4 g6 7. Bd3 Bg7 8. Nge2 0-0 9. f3 b6 10. 0-0 Ba6 11. Bg5 c4 12. Bc2 b5 13. a3 Qb6+ 14. Kh1 Nbd7 15. Qd2 Rfe8 16. Be3 Nc5 17. Nd4 Nfd7 18. Rg1 Rec8 19. f4 b4 20. axb4 Qxb4 21. Ba4 Nxa4 22. Rxa4 Qb7 23. Rga1 Nc5 24. Rxa6 Nxa6 25. Nc6 Re8 26. Re1 Bxc3 27. Qxc3 Rxe4 28. f5 Nc5 29. Ra1 Qd7 30. Bg1 Rae8 31. h3 Nd3 32. f6 Re1 33. Rxe1 Rxe1 34. Ne7+ Rxe7 35. fxe7 Qxe7 36. Qxc4 Qe2 37. Bxa7 Nf2+ 0-1